Труднощі художнього перекладу та інтерпритації тексту (на прикладі повістей Р.Баха) (Запис № 283995)

МАРК-запис
000 -LEADER
fixed length control field 01906nam a22001577a 4500
041 ## - LANGUAGE CODE
Language code of text/sound track or separate title ukr
080 ## - UNIVERSAL DECIMAL CLASSIFICATION NUMBER
Universal Decimal Classification number 09
090 ## - LOCALLY ASSIGNED LC-TYPE CALL NUMBER (OCLC); LOCAL CALL NUMBER (OCLC)
Local cutter number (OCLC) ; Book number/undivided call number, CALL (RLIN) КНВ
100 ## - MAIN ENTRY--PERSONAL NAME
Personal name Кошелєва Н.В.
245 ## - TITLE STATEMENT
Title Труднощі художнього перекладу та інтерпритації тексту (на прикладі повістей Р.Баха)
260 ## - PUBLICATION, DISTRIBUTION, ETC. (IMPRINT)
Place of publication, distribution, etc Острог
Name of publisher, distributor, etc КАФ
Date of publication, distribution, etc 2007
300 ## - PHYSICAL DESCRIPTION
Extent 53
520 ## - SUMMARY, ETC.
Summary, etc ВСТУП.<br/>РОЗДІЛ 1. ТРУДНОЩІ ХУДОЖНЬОГО ПЕРЕКЛАДУ ТА ІНТЕРПРИТАЙЦІЇ ТЕКСТУ.<br/>1.1. Художній переклад як специфічна форма міжлітературної рецепції.<br/>1.1.1. Теоретичні засади аналізу художнього тексту.<br/>1.1.2. Властивості та закономірності інтерпритації тексту.<br/>1.2. Контекст як визначальний компонент мови тексту.<br/>1.2.1. Поняття широкого (вертикального) контексту у художньому творі.<br/>1.2.2. Поняття близького (горизонтального) контексту у художньому творі.<br/>РОЗДІЛ 2. ДОСЛІДЖЕННЯ ПРОБЛЕМ ХУДОЖНЬОГО ПЕРЕКЛАДУ НА ПРИКЛАДАХ ПОВІСТЕЙ СУЧАСНОГО АМЕРИКАНСЬКОГО ПИСЬМЕННИКА Р.БАХА.<br/>2.1. Залежність перекладу слова від контексту.<br/>2.2. Проблема еквівалентності перекладу на прикладі повістей Р.Баха.<br/>2.3. Використання контекстуальних змін при перекладі повістей Р.Баха.<br/>ВИСНОВКИ.
-- Художній переклад, інтерпритація тексту.
650 ## - SUBJECT ADDED ENTRY--TOPICAL TERM
Topical term or geographic name as entry element Research Papers
942 ## - ADDED ENTRY ELEMENTS (KOHA)
Koha item type Книги
Фонди
Withdrawn status Lost status Source of classification or shelving scheme Damaged status Not for loan Home library Current library Date acquired Source of acquisition Cost, normal purchase price Total Checkouts Full call number Barcode Date last seen Price effective from Koha item type
    Universal Decimal Classification     ВІЛ - Відділ іноземн. літератури НБ ВІЛ - Відділ іноземн. літератури НБ 16/04/2009 Акт №1 1.00   09 213538 20/12/2021 16/04/2009 Книги